Encyclopaedia of analytical geometry (Record no. 573804)

000 -LEADER
fixed length control field 00487nam a22001817a 4500
003 - CONTROL NUMBER IDENTIFIER
control field CEME
005 - DATE AND TIME OF LATEST TRANSACTION
control field 20210628203454.0
008 - FIXED-LENGTH DATA ELEMENTS--GENERAL INFORMATION
fixed length control field 210122b xxu||||| |||| 00| 0 eng d
020 ## - INTERNATIONAL STANDARD BOOK NUMBER
International Standard Book Number 81-7888-027-X
040 ## - CATALOGING SOURCE
Transcribing agency .
082 ## - DEWEY DECIMAL CLASSIFICATION NUMBER
Classification number 516.303 SHA
100 ## - MAIN ENTRY--PERSONAL NAME
Personal name Sharma, A . K
9 (RLIN) 8820
245 ## - TITLE STATEMENT
Title Encyclopaedia of analytical geometry
260 ## - PUBLICATION, DISTRIBUTION, ETC.
Name of publisher, distributor, etc. DOMINANT PUBLISHER
Date of publication, distribution, etc. 2001
300 ## - PHYSICAL DESCRIPTION
Extent 3VOL
650 ## - SUBJECT ADDED ENTRY--TOPICAL TERM
Topical term or geographic name entry element ENCYCLOPAEDIA OF ANALYTICAL GEOMETRY.ANALYTICAL GEOMETRY
9 (RLIN) 65653
942 ## - ADDED ENTRY ELEMENTS (KOHA)
Koha item type Book
Source of classification or shelving scheme
Holdings
Withdrawn status Lost status Damaged status Not for loan Permanent Location Current Location Shelving location Date acquired Total Checkouts Full call number Barcode Date last seen Price effective from Koha item type
        College of Electrical & Mechanical Engineering (CEME) College of Electrical & Mechanical Engineering (CEME) General Stacks 03/31/2017   516.303 SHA CEME-41461 06/28/2021 06/28/2021 Book
        College of Electrical & Mechanical Engineering (CEME) College of Electrical & Mechanical Engineering (CEME) General Stacks 03/31/2017   516.303 SHA CEME-41462 06/28/2021 06/28/2021 Book
        College of Electrical & Mechanical Engineering (CEME) College of Electrical & Mechanical Engineering (CEME) General Stacks 03/31/2017   516.303 SHA CEME-41463 06/28/2021 06/28/2021 Book
© 2023 Central Library, National University of Sciences and Technology. All Rights Reserved.